01390nam a2200277 i 4500001001000000003000900010005001700019007000300036008004100039040003000080082001900110110005900129240001800188245013800206246012400344264005200468300002700520336002700547337003300574338002800607505027400635700005000909942001400959952012200973999001701095000046330DO-SdBNP20250609101052.0ta150723s2014 dr 000 0 spa d aDO-SdBNPbspacBNPHUerda 4axxxxbxxxx2221 aRepública Dominicana.bMinisterio de la Mujer95615810a[Leyes. etc.]10aLey 88-03 :bpromulgada el 1o. de mayo de 2003, que instituye las Casas de Acogida o Refugios /cpresentación Alejandrina Germán.10aLey 88-03 que instituye las casas de acogida o refugios :bmanual de uso y reglamento de aplicación y funcionamiento. 1aSanto Domingo :bMinisterio de la Mujer,c2014. a63 páginas ;c21 cm. atextobtxt2rdacontent asin mediaciónbn2rdamedia avolumenbnc2rdacarrier0 aLey 88-03 que instituye las Casas de acogida o Refugios --tDecreto no. 1467 de 2004, que aprueba el reglamento para la aplicación de la Ley no. 88-03 que instituye las Casas de Agogida o Refugios --tReglamento de funcionamiento para la aplicacion de la ley 88-03 --1 aGermán, Alejandrina,epresentación912096 2ddccLBS1 00102ddc51708PDaBNPHUbBNPHUcCTd2015-07-23l0oBNPHU PD p46330-10r2020-06-25w2020-06-25yLBS1ZNo se presta c45819d45819